| 000 | 01232cab a22002055a 4500 | ||
|---|---|---|---|
| 001 | L152212 | ||
| 008 | 110210e20110204xxk 000 0 eng d | ||
| 035 | _a(Sirsi) u152212 | ||
| 041 | 0 | _aeng | |
| 100 | 1 | _aHatcher, David | |
| 245 | 0 | 0 |
_aMarkets _bWest Midlands |
| 260 | _c2011 | ||
| 490 | 0 |
_aProperty Week _v77(5) 4 February 2011, 41-52(5) |
|
| 520 | _aBirmingham's Mailbox scheme's retail element attracts strong investor interest. Will John Lewis commit soon to a giant store within the redevelopment of New Street Station? Logistics firm Kuehne & Nagel, tyre manufacturer Michelin and brewer Carlberg are looking for nearly 2m sq ft of industrial space in the region. Law firm Pinsent Masons is one several companies considering moves in the Birmingham office market. Industrial REIT Hansteen focuses on bringing in new tenants to its 35% vacant Birmingham Saltley Business Park. Modwen seeks £22m from the government's Regional Growth Fund to improve infrastructure at is 468 acre Longbridge scheme. | ||
| 590 | _aKA | ||
| 651 | 4 | _aWest Midlands | |
| 690 | _aPROPERTY-COMMERCIAL PROPERTY-COMMERCIAL PROPERTY MARKET | ||
| 690 | _aPROPERTY-COMMERCIAL PROPERTY-COMMERCIAL PROPERTY FINANCE AND INVESTMENT | ||
| 942 | _n0 | ||
| 999 |
_c82916 _d82916 |
||